000 00829nam a22002297a 4500
005 20170124110018.0
010 _aA-408558
020 _c00.00
035 _aA-408558
037 _bCen Lib/Ret
040 _aDPL
_bEN
082 _a617
_bSCI
245 _aScientific approach to surgery :
_cedited by B. S. Rana [and] V. J. Anand
_bNumber 1 /
260 _aNew Delhi
_bMahalaxmi Medical Publishers
_c1986
270 _bNew Delhi
_e110026
_aHouse 28, Road No-1, Punjabi bagh
300 _axv, 296p. :
_c20cm(Hb)
_bill.
500 _aIncludes bibliographical references and index
650 _aSurgeries-various diseases.
_919113
700 _aRana, B. S.
_919114
700 _aAnand, V. J.
_919115
942 _2ddc
_cEN
_h617
_mSCI
999 _c127007
_d127007